[Event "13th World University Championship - MEN"]
[Site "Katowice"]
[Date "2014.08.19"]
[Round "2"]
[White "Bukavshin, Ivan"]
[Black "Petrosyan, Tigran S."]
[Result "1-0"]
[LiveChessVersion "1.4.4"]
[BlackElo "2421"]
[WhiteElo "2603"]

1. d4  d5  2. c4  e6
 3. Nf3  Nf6  4. g3
 Be7  5. Bg2  O-O
 6. O-O  c6  7. Nc3
 b6  8. Ne5  Ba6 
9. Bf4  Nfd7  10. cxd5  cxd5
 11. Nxd5  exd5  12. Nxf7
 Rxf7  13. Bxd5  Nc6
 14. Bxc6  Rc8  15. Qa4
 Nf8  16. Bf3  Bc4
 17. Rac1  b5  18. Qa6
 Bf6  19. Rfd1  Be6
 20. Rxc8  Qxc8  21. Qxb5
 Bxa2  22. b3  Qc2
 23. Rd3  a6  24. Qb8
 Rd7  25. Kg2  Bb1
 26. Qa8  Rd8  27. Qxa6
 Qc8  28. Qxc8 Rxc8 29. Bd5+  Kh8
 30. Rd1  Bc2  31. Rd2
 Ng6  32. Bd6  Ne7
 33. Bc4  Bg6  34. e3
 Nc6  35. Ra2  h6
 36. Ra6  Nb8  37. Ra2
 Rd8  38. Bc5  Nd7
 39. b4  Kh7  40. Be2
 Nf8  41. Bg4  h5
 42. Bf3  Ne6  43. h4
 Rd7 44. Ra6  Nd8  45. b5
 Bd3  46. Rb6  Bg6
 47. Rd6  Rc7  48. b6
 Rc8  49. b7  1-0

[Event "13th World University Championship - MEN"]
[Site "Katowice"]
[Date "2014.08.19"]
[Round "2"]
[White "Nenezic, Marko"]
[Black "Grigoryan, Karen H."]
[Result "1/2-1/2"]
[LiveChessVersion "1.4.4"]
[BlackElo "2595"]
[WhiteElo "2430"]

1. d4  Nf6  2. c4  g6
 3. Nc3  Bg7  4. e4
 d6  5. Nf3  O-O 
6. Be2  e5  7. O-O  exd4
 8. Nxd4  Re8  9. f3
 c6  10. Kh1  Nh5
 11. g4  Nf6  12. Bf4
 h5  13. g5  Nh7 
14. Rg1  a6  15. Qd2  b5
 16. Nb3  Be5  17. Rad1
 Qe7  18. Bxe5  dxe5
 19. Qd6  Qxd6  20. Rxd6
 Nf8  21. a4  b4 
22. Na2  a5  23. Nac1  Ne6
 24. h4  Nf4  25. Nc5
 Be6  26. b3  Kf8
 27. Rgd1  Ke7  28. Bf1
 Bc8  29. R6d2  Ra7
 30. N1d3  Nxd3  31. Nxd3
 Kf8  32. Nc5  Ke7
 33. Rd6  Rc7  34. Kh2
 Nd7  35. Nxd7  Rxd7
 36. Rxd7+  Bxd7  37. Bh3
 Rd8 38. Bxd7  Rxd7  39. Rxd7+
 Kxd7  40. c5  Ke6
 41. Kg3  1/2-1/2

[Event "13th World University Championship - MEN"]
[Site "Katowice"]
[Date "2014.08.19"]
[Round "2"]
[White "Munkhgal, Gombosuren"]
[Black "Olszewski, Michal"]
[Result "1/2-1/2"]
[LiveChessVersion "1.4.4"]
[BlackElo "2555"]
[WhiteElo "2418"]

1. d4  Nf6  2. c4  e6
 3. Nc3  Bb4  4. Qc2
 c5  5. dxc5  O-O
 6. a3  Bxc5  7. Bf4
 Nc6  8. Nf3  d5 
9. Rd1  e5  10. Bg5  Qb6
 11. e3  d4  12. Nd5
 Nxd5  13. cxd5  dxe3
 14. Bxe3  Nd4  15. Bxd4
 Bxd4  16. Nxd4  exd4
 17. Be2  Qa5+  18. Qd2
 Qxd5  19. O-O  Rd8
 20. Bf3  Qb3  21. Rfe1
 Bf5  22. Re7  Rab8
 23. Qa5  Bc2  24. Rde1
 Qb6  25. Qe5  h6
 26. Bd5  Bg6  27. h4
 Qf6  28. h5  Qxe5
 29. R1xe5  Bc2  30. Bxf7+
 Kh7  31. Rc5  Bb1
 32. Rcc7  Kh8  33. Kf1
 Rd6  34. Rcd7  Rb6
 35. b4  Rf6  36. Re8+
 Rxe8  37. Bxe8  Bd3+
 38. Kg1  Bb5  39. Re7
 Bxe8  40. Rxe8+  Kh7
 41. Rd8  Ra6  42. Rxd4
 Rxa3  43. Rd7  b5
 44. Rb7  a6  45. Rb6
 Ra4  46. f3  Kg8
 47. Kf2  Kf7  1/2-1/2

[Event "13th World University Championship - MEN"]
[Site "Katowice"]
[Date "2014.08.19"]
[Round "2"]
[White "Bernasek, Jan"]
[Black "Gergacz, Attila"]
[Result "1-0"]
[LiveChessVersion "1.4.4"]
[BlackElo "2374"]
[WhiteElo "2536"]

1. d4  b6  2. c4  Bb7
 3. Nc3  Nf6  4. f3
 d6  5. e4  Nbd7 
6. Be3  e5  7. d5  h5
 8. Bd3  h4  9. Nh3
 Be7  10. Qd2  Bc8
 11. Nf2  Nh7  12. g3
 Nc5  13. Bc2  a5
 14. O-O-O  Bd7  15. Kb1
 Qc8  16. f4  Qa6
 17. fxe5  dxe5  18. Nd3
 Bd6  19. gxh4  Qxc4
 20. Qg2  O-O-O  21. Rhf1
 f6  22. Nxc5  bxc5
 23. Rd3  f5  24. exf5
 Qxh4 25. Ne4  Nf6  26. Nxc5
 Bxc5  27. Bxc5  Qxh2
 28. Qxg7  Qe2  29. Rc1
 Bxf5  30. Rc3  Ne4
 31. Bxe4  Qxe4+  32. Ka1
 Rh7  33. Qf6  Rxd5
 34. Bd6  Kb7 35. Rxc7+  Rxc7
 36. Rxc7+  Kb6  37. Bxe5+
 Kb5  38. Qc6+ 1-0

[Event "13th World University Championship - MEN"]
[Site "Katowice"]
[Date "2014.08.19"]
[Round "2"]
[White "Klekowski, Maciej"]
[Black "Yu, Ruiyuan"]
[Result "0-1"]
[LiveChessVersion "1.4.4"]
[BlackElo "2534"]
[WhiteElo "2383"]

1. c4  c6  2. Nf3  d5
 3. d4  Nf6  4. Nc3
 dxc4  5. a4  Bf5
 6. Ne5  Nbd7  7. Nxc4
 Nb6  8. Ne5  a5 
9. g3  e6  10. Bg2  Nfd7
 11. e4  Bg6  12. Nxd7
 Nxd7  13. h4  h6
 14. h5  Bh7  15. O-O
 e5  16. Be3  Bb4
 17. dxe5  Nxe5  18. Qe2
 Qd3  19. Rfd1  Qxe2
 20. Nxe2  Nc4  21. Bc1
 Ke7  22. b3  Ne5
 23. Be3  Rhd8  24. Bb6
 Rd7  25. Nd4  Ra6
 26. Bh3  Rxb6  27. Bxd7
 Nxd7  28. f3  Bc5
 29. Kg2  Rb4  30. Ne2
 Rxb3  31. Nc1  Rb2+
 32. Kh3  Rf2  0-1

[Event "13th World University Championship - MEN"]
[Site "Katowice"]
[Date "2014.08.19"]
[Round "2"]
[White "Tomazini, Zan"]
[Black "Tomczak, Jacek"]
[Result "1/2-1/2"]
[LiveChessVersion "1.4.4"]
[BlackElo "2562"]
[WhiteElo "2371"]

1. e4  e6  2. d4  d5
 3. Nd2  c5  4. Ngf3
 Nc6  5. exd5  exd5
 6. Bb5  Bd6  7. O-O
 Nge7  8. dxc5  Bxc5
 9. Nb3  Bd6  10. Re1
 O-O  11. Bd3  h6
 12. h3  Nf5  13. c3
 Re8  14. Rxe8+  Qxe8
 15. Qe2  Qd8  16. Bc2
 Be6  17. Qd3  Qf6
 18. Nbd4  Ncxd4  19. Nxd4
 Nxd4  20. cxd4  Rc8
 21. Qh7+  Kf8  22. Be3
 Ke7  23. Re1  Kd7
 24. Ba4+  Kc7  25. Rc1+
 Kb8  26. Rxc8+  Kxc8
 27. Bc2  Kc7  28. Bd3
 a6  29. Bd2  g6 
30. Ba5+  Kd7  31. Bb6  Bf8
 32. Qg8  Qg7  33. Qxg7
 Bxg7  34. a4  Kc6
 35. a5  h5 36. Bc5  Bh6
 1/2-1/2

[Event "13th World University Championship - MEN"]
[Site "Katowice"]
[Date "2014.08.19"]
[Round "2"]
[White "Belous, Vladimir"]
[Black "Chen, Peng"]
[Result "1/2-1/2"]
[LiveChessVersion "1.4.4"]
[BlackElo "2198"]
[WhiteElo "2584"]

1. c4  Nf6  2. Nc3  e6
 3. e4  d5  4. e5
 d4  5. exf6  dxc3
 6. bxc3  Qxf6  7. Nf3
 Nc6  8. d4  e5 
9. Bg5  Qg6  10. d5  Nb8
 11. h4  h6  12. Be3
 Nd7  13. Qa4  c6
 14. h5  Qd6  15. Rd1
 Qc7  16. Bd3  cxd5
 17. cxd5  Qxc3+  18. Ke2
 Qb4  19. Qc2  Be7
 20. d6  Bd8  21. Bc4
 O-O  22. a3  Qxa3
 23. Rd3  Qa5  24. Rd5
 b5  25. Rxb5  Qa3
 26. Rd1  Nb6  27. Rd3
 Nxc4  28. Rxa3  Nxa3
 29. Qc6  Nxb5  30. Qxa8
 Ba6  31. Kd1  Bb6
 32. Qc6  Rc8  33. Qd7
 Rd8  34. Qe7  Rxd6+
 35. Kc1  Rc6+  36. Kb2
 Re6  37. Qd7  Bxe3
 38. fxe3  Nd6  39. Qxa7
 Be2  40. Qb8+  Kh7
 41. Qc7  Bxf3  42. gxf3
 Kg8  43. Qd8+  Kh7
 44. Qd7  Kg8  45. Kc3
 Nf5  46. Qd8+  Kh7
 47. Qd3  Rc6+  48. Kb4
 Rf6  49. Qe4  g6
 50. hxg6+  Kxg6  51. Kc5
 Re6  52. Qg4+  Kf6
 53. Qh5  e4  54. f4
 Re8  55. Qh1  Rc8+
 56. Kb6  Re8  57. Kc6
 Re6+  58. Kd7  Rd6+
 59. Kc7  Re6  1/2-1/2

[Event "13th World University Championship - MEN"]
[Site "Katowice"]
[Date "2014.08.19"]
[Round "2"]
[White "Piorun, Kacper"]
[Black "Galmandakh, Badrakh"]
[Result "1/2-1/2"]
[LiveChessVersion "1.4.4"]
[BlackElo "2264"]
[WhiteElo "2560"]

1. e4  d6  2. d4  Nf6
 3. f3  g6  4. c4
 Bg7  5. Be3  O-O
 6. Ne2  e5  7. d5
 Nh5  8. Qd2  f5 
9. exf5 gxf5  10. Nbc3  Qh4+  11.
Bf2  Qf6  12. g3  c5
 13. Be3  Bd7  14. O-O-O
 Na6  15. Rg1  Nc7
 16. Bg5  Qg6  17. Bh3
 Nf6  18. f4  e4 
19. Bxf6  Qxf6  20. Nxe4  Qe7
 21. Ng5  b5  22. Rge1
 Qf6  23. Nc3  b4
 24. Nce4  Qg6  25. Nf2
 Rae8  26. Nf3  a5
 27. Nh4  Qf7  28. Rxe8
 Nxe8  29. Re1  a4
 30. Qc2  Nc7  31. Nd1
 a3  32. b3  Qf6 
33. Kd2 Qd4+  34. Qd3  Qa1  35.
Qc2  Qd4+  36. Qd3  Qa1 37. Qc2
Na8 1/2-1/2

[Event "13th World University Championship - MEN"]
[Site "Katowice"]
[Date "2014.08.19"]
[Round "2"]
[White "Spalir, Jernej"]
[Black "Stankovic, Milos"]
[Result "1/2-1/2"]
[LiveChessVersion "1.4.4"]
[BlackElo "2416"]
[WhiteElo "2243"]

1. d4  Nf6  2. c4  e6
 3. Nf3  Bb4+  4. Bd2
 a5  5. g3  d6 
6. Bg2  Nbd7  7. O-O  e5
 8. Qc2  O-O  9. Nc3
 Re8  10. e4  exd4
 11. Nxd4  Ne5  12. b3
 Bc5  13. Nf5  Nc6
 14. Rad1  Ng4  15. h3
 Nge5  16. Be3  Bxf5
 17. Bxc5  Qc8  18. exf5
 dxc5  19. Nb5  a4
 20. Rfe1  axb3  21. axb3
 Nd4  22. Nxd4  cxd4
 23. f4  Nc6  24. Rxe8+
 Qxe8  25. Qe4  Qf8
 26. f6  g6  27. f5
 Qd6  28. fxg6  hxg6
 29. Qh4  Re8  30. Bd5
 Re3  31. Kh2  Re2+
 32. Kh1  Qe5  33. Rf1
 Re1  34. Rxe1  Qxe1+
 35. Kg2  Qe2+  36. Kg1
 Qe3+  37. Kg2  Ne5
 38. Qf4  Qe2+  39. Kg1
 c6  40. Qh6  Qe1+
 41. Kg2  Qe2+  42. Kg1
 Qe3+  43. Qxe3  dxe3
 44. Bg2  Nd7  45. Kf1
 Nxf6  46. Bf3  Kf8
 47. Ke2  Ke7  48. Kxe3
 Kd6  49. b4  1/2-1/2

[Event "13th World University Championship - MEN"]
[Site "Katowice"]
[Date "2014.08.19"]
[Round "2"]
[White "Bornheim, Darren"]
[Black "Gloor, Roger"]
[Result "0-1"]
[LiveChessVersion "1.4.4"]
[BlackElo "2364"]
[WhiteElo "1792"]

1. d4  Nf6  2. c4  e6
 3. Nf3  b6  4. g3
 Be7  5. Bg2  c6 
6. O-O  O-O  7. Qc2  Bb7
 8. Rd1  Na6  9. Nc3
 c5  10. d5  Nb4 
11. Qb3  exd5  12. cxd5  d6
 13. Nd2  Qd7  14. a3
 Na6  15. e4  c4 
16. Qxc4  Rac8  17. Qb5  Qg4
 18. h3  Qg6  19. Ne2
 Nc5  20. Nf4  Qh6
 21. Qb4  a5  22. Qd4
 Nfd7  23. Rb1  Rfe8
 24. b4  Bf6  25. Qe3
 Na4  26. Ne2  Qxe3
 27. fxe3  axb4  28. Rxb4
 Ba6  29. Rxa4  Bxe2
 30. Re1  Nc5  31. Ra7
 Bb5  32. Rd1  Bg5
 33. Nf1  Nxe4  34. Bb2
 Nc3  35. Re1  Bf6
 36. Bxc3  Rxc3  37. Rb1
 Bxf1  38. Rxf1  Rcxe3
 39. Rf3  Re2  40. Bf1
 Ra2  41. Kh1  h5
 42. g4  Rc8  0-1

[Event "13th World University Championship - MEN"]
[Site "Katowice"]
[Date "2014.08.19"]
[Round "2"]
[White "Nuri, Kambez"]
[Black "Chettiar, Evasan"]
[Result "1-0"]
[LiveChessVersion "1.4.4"]
[BlackElo "1869"]
[WhiteElo "2322"]

1. e4  e5  2. Nc3  Nf6
 3. Nf3  Nc6  4. g3
 Bc5  5. Bg2  a6 
6. O-O  O-O  7. d3  h6
 8. Qe2  d6  9. h3
 b5  10. Nd1  Be6
 11. c3  Qd7  12. Kh2
 Rae8  13. Be3  Bxe3
 14. fxe3  Ne7  15. Nh4
 Nh7  16. g4  g6 
17. Nf2  c5  18. Nh1  f5
 19. Nxg6  fxg4  20. Nxf8
 Nxf8  21. hxg4  Neg6
 22. Ng3  Bxg4  23. Bf3
 Bh3  24. Rg1  Nh7
 25. Nf5  Bxf5  26. exf5
 Ng5  27. Rxg5  hxg5
 28. fxg6  Kg7  29. Rf1
 Rh8+  30. Bh5  Qe6
 31. Rf7+  1-0

[Event "13th World University Championship - MEN"]
[Site "Katowice"]
[Date "2014.08.19"]
[Round "2"]
[White "Katsuta, Yuki"]
[Black "Gaehler, Marco"]
[Result "0-1"]
[LiveChessVersion "1.4.4"]
[BlackElo "2315"]
[WhiteElo "1917"]

1. d4  g6  2. e4  Bg7
 3. c4  d6  4. Nc3
 Nf6  5. Nf3  Bg4
 6. Be2  O-O  7. Be3
 Nfd7  8. Qb3  Bxf3
 9. Bxf3  Nc6  10. Rd1
 e5  11. dxe5  Ncxe5
 12. Be2  b6  13. O-O
 Nc5  14. Qc2  Nc6
 15. Nd5  Re8  16. f3
 Ne6  17. Rfe1  Ncd4
 18. Qa4  c6  19. Nb4
 a5  20. Nxc6  Qd7
 21. Bxd4  Nxd4  22. c5
 bxc5  23. Bb5  Nxb5
 24. Qxb5  Reb8  25. Qxc5
 dxc5  26. Rxd7  Rxb2
 27. Rc1  Bh6  28. Rc3
 Rxa2  29. Ne5  Rb8
 30. h3  Rb1+  0-1

[Event "13th World University Championship - MEN"]
[Site "Katowice"]
[Date "2014.08.19"]
[Round "2"]
[White "Grandadam, Nicolas"]
[Black "Mafanya, Kulasande"]
[Result "1-0"]
[LiveChessVersion "1.4.4"]
[BlackElo "1847"]
[WhiteElo "2307"]

1. Nf3  c5  2. b3  Nf6
 3. Bb2  e6  4. e3
 b6  5. Be2  Bb7 
6. O-O  Be7  7. c4  O-O
 8. d4  cxd4  9. Nxd4
 d5  10. Nd2  Nbd7
 11. Rc1  Rc8  12. Rc2
 a6  13. a4  Rc7 
14. cxd5  Nxd5  15. Rxc7  Qxc7
 16. Qa1  Rc8  17. Rc1
 Qb8  18. Rxc8+  Qxc8
 19. Nc4  Bf8  20. Qd1
 Qc7  21. h3  Nc5
 22. Bf1  Ne4  23. Bd3
 Nb4  24. Bb1  Nf6
 25. Nc2  Qc6  26. f3
 Qd5  27. Qxd5  Nfxd5
 28. Bd4  b5  29. axb5
 axb5  30. N4a3  Nxc2
 31. Nxc2  f6  32. e4
 e5  33. Bb2  Bc5+
 34. Kf1  Nf4  35. b4
 Bb6  36. Bc1  Nd3
 37. Bd2  Bc6  38. Na3
 Nb2  39. Bc1  Nc4
 40. Ba2  Kf8  41. Nxc4
 bxc4  42. Bxc4  Ke7
 43. b5  Be8  44. Ba3+
 Kd7  45. Ke2  Bd8
 46. Kd3  Be7  47. Bxe7
 Kxe7  48. Kc3  Kd6
 49. Kb4  Kc7  50. Kc5
 Kb7  51. h4  Kc7
 52. g3  g5  53. b6+
 Kb7  54. Bd5+  Kb8
 55. hxg5  fxg5  56. Kd6
 h5  57. Kxe5  Bd7
 58. Kd4  h4  59. gxh4
 gxh4  60. Ke3  1-0

[Event "13th World University Championship - MEN"]
[Site "Katowice"]
[Date "2014.08.19"]
[Round "2"]
[White "Tanaka, Toshiki"]
[Black "Garcia Guerrero, Isaac Antonio"]
[Result "0-1"]
[LiveChessVersion "1.4.4"]
[BlackElo "2300"]
[WhiteElo "1848"]

1. e4  c5  2. Nf3  g6
 3. d4  cxd4  4. Nxd4
 Nc6  5. Nc3  Bg7
 6. Be3  Nf6  7. Bc4
 O-O  8. Bb3  d6 
9. f3  Bd7  10. Qd2  Nxd4
 11. Bxd4  b5  12. a3
 a5  13. Ne2  Qc7
 14. O-O  Rfc8  15. Rac1
 a4  16. Ba2  Be6
 17. Bxe6  fxe6  18. Kh1
 Qc4  19. Bc3  Rc5
 20. Bb4  Rcc8  21. b3
 Qc7  22. bxa4  Rxa4
 23. Nd4  Qc4  24. Qd3
 Nxe4  25. Qxc4  Rxc4
 26. Nxe6  Nc3  27. Nxg7
 Kxg7  28. Rfe1  Kf6
 29. Ra1  Nd5  30. Bd2
 Rxc2  31. Bh6  g5
 32. Rab1  Rc5  33. Rb3
 Rh4  0-1

[Event "13th World University Championship - MEN"]
[Site "Katowice"]
[Date "2014.08.19"]
[Round "2"]
[White "Wyss, Jonas"]
[Black "Sikivou, Taione"]
[Result "1-0"]
[LiveChessVersion "1.4.4"]
[BlackElo "1817"]
[WhiteElo "2276"]

1. e4  c6  2. d4  d5
 3. Nc3  dxe4  4. Nxe4
 Bf5  5. Ng3  Bg6
 6. h4  h6  7. Nf3
 Nd7  8. h5  Bh7 
9. Bd3  Bxd3  10. Qxd3  e6
 11. Bf4  Qa5+  12. Bd2
 Bb4  13. c3  Be7
 14. c4  Bb4  15. Ne4
 Ngf6  16. Nd6+  Ke7
 17. c5  b6  18. Nc4
 Qb5  19. cxb6  axb6
 20. Nce5  Nxe5  21. Qxb5
 Bxd2+  22. Nxd2  cxb5
 23. dxe5  Nd5  24. Rh4
 Rhc8  25. Kd1  Ra4
 26. Rxa4  bxa4  27. Rc1
 Rxc1+  28. Kxc1  Nb4
 29. Nc4  b5  30. Nd6
 Nd3+  31. Kd2  Nxe5
 32. Nxb5  Ng4  33. f3
 Nf6  34. g4  Nd5
 35. Nc3  Nb6  36. Kd3
 Kd6  37. Kd4  f6
 38. f4  Kc6  39. b3
 axb3  40. axb3  Nd7
 41. b4  e5+  42. Ke4
 exf4  43. Kxf4  Ne5
 44. Kf5  Kd6  45. Ne4+
 Ke7  46. b5  Nd7
 47. Kg6  Kf8  48. Nc3
 Ne5+  49. Kf5  Ke7
 50. Nd5+  Kd6  51. Nf4
 1-0

[Event "13th World University Championship - MEN"]
[Site "Katowice"]
[Date "2014.08.19"]
[Round "2"]
[White "Ayala Pena, Eduardo Azael"]
[Black "Frijde, Joel"]
[Result "1-0"]
[LiveChessVersion "1.4.4"]
[BlackElo "1696"]
[WhiteElo "2190"]

1. d4  c5  2. d5  d6
 3. Nc3  Nf6  4. e4
 g6  5. Nf3  a6 
6. a4  Bg7  7. Be2  Bg4
 8. Nd2  Bxe2  9. Qxe2
 Nbd7  10. O-O  O-O
 11. Nc4  Qc7  12. f4
 Nb6  13. Ne3  Rad8
 14. a5  Nc8  15. Nc4
 e6  16. Bd2  Rfe8
 17. Qf3  Na7  18. Rad1
 Nb5  19. Nxb5  axb5
 20. Na3  b4  21. Nc4
 exd5  22. exd5  Ne4
 23. f5  Nxd2  24. Rxd2
 gxf5  25. Qxf5  Qd7
 26. Qf4  Qe7  27. b3
 Rf8  28. Rd3  f5
 29. Re3  Qf6  30. Re6
 Qd4+  31. Qxd4  Bxd4+
 32. Kh1  Be5  33. g3
 f4  34. Kg2  f3+
 35. Rxf3  Rxf3  36. Kxf3
 Rf8+  37. Ke2  Bd4
 38. Ne3  Ra8  39. Rxd6
 Rxa5  40. Nf5  Bc3
 41. Rb6  Ra2  42. Kd3
 Ra1  43. Rxb7  Rd1+
 44. Kc4  Rd2  45. d6
 Rxc2  46. d7  Bf6+
 47. Kd5  h5  48. Ke6
 Bg5  49. Nh6+  1-0

[Event "13th World University Championship - MEN"]
[Site "Katowice"]
[Date "2014.08.19"]
[Round "2"]
[White "Malgie, Avikaar"]
[Black "Oliveira, Fernando Henrique"]
[Result "0-1"]
[LiveChessVersion "1.4.4"]
[BlackElo "2178"]
[WhiteElo "1829"]

1. d4  d5  2. c4  c6
 3. cxd5  cxd5  4. Nf3
 Nf6  5. Nc3  Nc6
 6. e3  g6  7. Bd3
 Bg7  8. O-O  O-O
 9. a3  a6  10. Bd2
 Qd6  11. Ne2  Ne4
 12. Be1  h6  13. Nc3
 Nf6  14. Na2  Bg4
 15. Be2  Ne4  16. Nb4
 Rac8  17. Nxc6  Rxc6
 18. Bb4  Qc7  19. h3
 Bf5  20. Bd3  g5
 21. Qb3  Rd8  22. a4
 Bf6  23. Nd2  Nxd2
 24. Bxd2  Rb6  25. Ba5
 Rxb3  26. Bxc7  Bxd3
 27. Bxd8  Bxf1  28. Kxf1
 Rxb2  29. a5  Kg7
 30. Rc1  e5  31. Bb6
 exd4  32. exd4  Rb4
 33. Rc7  Bxd4  34. Rxb7
 Rb1+  35. Ke2  Rb2+
 36. Kd3  Bxb6  37. axb6
 Rxf2  38. Ra7  Rxg2
 39. Kc3  d4+  40. Kxd4
 Rb2  41. Rxa6  h5
 42. Kc3  Rb1  43. Kc4
 g4  44. hxg4  hxg4
 45. Kc5  f5  46. Kc6
 g3  47. b7  g2 
48. Rb6  Rxb6+ 0-1

[Event "13th World University Championship - MEN"]
[Site "Katowice"]
[Date "2014.08.19"]
[Round "2"]
[White "Hardwarsingh, Vishay"]
[Black "Kobayashi, Atsuhiko"]
[Result "0-1"]
[LiveChessVersion "1.4.4"]
[BlackElo "2089"]
[WhiteElo "1596"]

1. e4  c5  2. Nf3  e6
 3. Nc3  Nc6  4. Bc4
 a6  5. a3  b5 
6. Ba2  Qc7  7. d3  g6
 8. Be3  d6  9. Ne2
 Bg7  10. c3  Nf6
 11. h3  O-O  12. Qd2
 Re8  13. O-O  Bb7
 14. Ng3  Nb8  15. Rad1
 Nbd7  16. Bb1  d5
 17. Rfe1  e5  18. Ba2
 Nf8  19. Bh6  Bh8
 20. Bxf8  Rxf8  21. Qg5
 Rfe8  22. exd5  Bxd5
 23. Bxd5  Nxd5  24. Nf5
 Bf6  25. Nh6+  Kg7
 26. Qd2  Kh8  27. Ng4
 Bg7  28. Re2  f5
 29. Ne3  Nf4  30. Ree1
 Qc6  31. Kh2  Rad8
 32. Qc2  Re7  33. Rd2
 Rde8  34. Red1  Bh6
 35. c4  b4  36. axb4
 cxb4  37. Nd5  Nxd5
 38. cxd5  Qxd5  39. Re2
 a5  40. Qa4  Rb8
 41. d4  e4  42. Ne5
 Bf4+  43. g3  Bxe5
 44. dxe5  Qxe5  45. f4
 Qb5  46. Qc2  a4
 47. Red2  e3  48. Rd5
 Qe8  49. Qd3  e2
 50. Re1  Kg8  51. Qc4
 Qf7  52. Qd4  b3
 53. Ra5  Re4  54. Qd6
 Rbe8  55. Re5  R8xe5
 56. fxe5  f4  57. Qd8+
 Kg7  58. Qf6+  Qxf6
 59. exf6+  Kxf6  60. gxf4 Rc4
 61. Kg3  Rc2  0-1

[Event "13th World University Championship - MEN"]
[Site "Katowice"]
[Date "2014.08.19"]
[Round "3"]
[White "Yu, Ruiyuan"]
[Black "Bukavshin, Ivan"]
[Result "1/2-1/2"]
[LiveChessVersion "1.4.4"]
[BlackElo "2603"]
[WhiteElo "2534"]

1. e4  c5  2. Nf3  e6
 3. d4  cxd4  4. Nxd4
 Nc6  5. Nc3  Qc7
 6. Be2  Nf6  7. O-O
 Be7  8. Be3  O-O
 9. f4  d6  10. Kh1
 Nxd4  11. Qxd4  a6
 12. a4  Bd7  13. e5
 Ne8  14. Qb6  dxe5
 15. fxe5  Bc6  16. Bf3
 Bxf3  17. Rxf3  Rd8
 18. Raf1  Qxb6  19. Bxb6
 Rd2  20. R1f2  Rxf2
 21. Rxf2  f6  22. exf6
 Nxf6  23. Kg1  Rc8
 24. Re2  Kf7  25. Nd1
 Nd5  26. Bf2  b5
 27. axb5  axb5  28. Ne3
 Bf6  29. c3  Ra8
 30. Nxd5  exd5  31. Bc5
 Rc8  32. Be3  Rc4
 33. Bd2  d4  34. cxd4
 Rc2  35. b4  Bxd4+
 36. Kf1  Rb2  37. g3
 Bf6  38. Ke1  Rb1+
 39. Kf2  h5  40. Kf3
 Rb2  41. Be1  Rxe2
 42. Kxe2  Ke6  43. Kd3
 Kf5  44. h3  g5 
45. g4+  hxg4  46. hxg4+  Kxg4
 47. Bd2  Be5  48. Bxg5
 Kxg5  49. Ke4  Bc3
 50. Kd5  Bxb4  51. Kc6
 1/2-1/2

[Event "13th World University Championship - MEN"]
[Site "Katowice"]
[Date "2014.08.19"]
[Round "3"]
[White "Barbosa, Evandro Amorim"]
[Black "Bernasek, Jan"]
[Result "1/2-1/2"]
[LiveChessVersion "1.4.4"]
[BlackElo "2536"]
[WhiteElo "2446"]

1. e4  c5  2. Nf3  d6
 3. c3  Nf6  4. h3
 g6  5. Bd3  Bg7 
6. O-O  O-O  7. Bc2  e5
 8. d4  exd4  9. cxd4
 Nc6  10. d5  Nb4
 11. Nc3  Nxc2  12. Qxc2
 a6  13. a4  Rb8 
14. Rb1  b5  15. axb5  axb5
 16. b4  cxb4  17. Rxb4
 Bd7  18. Bd2  Re8
 19. Nd4  Rc8  20. Qd3
 Rc4  21. Rfb1  Rxb4
 22. Rxb4  Qa5  23. Qb1
 Qa6  24. Ndxb5  Bxb5
 25. Rxb5  Nd7  26. Rb7
 Nf8  27. Rb6  Qa3
 28. Nb5  Qa4  29. Nxd6
 Ra8  30. Rc6  Be5
 31. g3  Bxg3  32. Be3
 Be5  33. Nc4  Rb8
 34. Qd3  Qa1+  35. Kg2
 Rb1  36. f4  Bxf4
 37. Nd2  Rh1  38. Nf1
 Rxf1  39. Qxf1  Qxf1+
 40. Kxf1  Bxe3  41. e5
 Bf4  42. e6  fxe6
 43. dxe6  Bg5  44. Rc8
 Bf6  45. Re8  Kg7
 46. e7  Ne6  47. Rg8+
 Kxg8  48. e8=Q+  Nf8
 49. Kg2  h5  50. Kf3
 Bg7  51. Qd8  Kh7
 52. Qe7  Kh8  53. Qf7
 Kh7  54. Ke4  Kh8
 55. Kd5  Kh7  56. Kc6
 Kh8  57. Kc7  Kh7
 58. Kd8  Kh8  59. Ke8
 Kh7  60. Qd5  Kh8
 61. Kf7  Kh7  62. Qb7
 Kh8  63. Qd5  Kh7
 1/2-1/2

[Event "13th World University Championship - MEN"]
[Site "Katowice"]
[Date "2014.08.19"]
[Round "3"]
[White "Olszewski, Michal"]
[Black "Sjugirov, Sanan"]
[Result "1/2-1/2"]
[LiveChessVersion "1.4.4"]
[BlackElo "2658"]
[WhiteElo "2555"]

1. Nf3  d5  2. c4  c6
 3. e3  Nf6  4. Nc3
 g6  5. d4  Bg7 
6. h3  O-O  7. Bd3  c5
 8. O-O  Na6  9. a3
 cxd4  10. exd4  dxc4
 11. Bxc4  Nc7  12. Bf4
 Ncd5  13. Be5  b6
 14. Nxd5  Nxd5  15. Qe2
 Bb7  16. Rac1  Bh6
 17. Rc2  Nf4  18. Bxf4
 Bxf4  19. Ba6  Bxa6
 20. Qxa6  Qd5  21. Re1
 e6  22. Ree2  Rfd8
 23. Rc3  Kg7  24. g3
 Bd6  25. Kg2  Rd7
 26. Qc4  Qf5  27. Qa4
 Rdd8  28. Ne5  Bxe5
 29. Rxe5  Qb1  30. Rc7
 Qxb2  1/2-1/2

[Event "13th World University Championship - MEN"]
[Site "Katowice"]
[Date "2014.08.19"]
[Round "3"]
[White "Andriasian, Zaven"]
[Black "Lou, Yiping"]
[Result "1/2-1/2"]
[LiveChessVersion "1.4.4"]
[BlackElo "2466"]
[WhiteElo "2628"]

1. e4  e6  2. d4  d5
 3. Nc3  Nf6  4. e5
 Nfd7  5. f4  c5 
6. Nf3  Be7  7. Be3  b6
 8. Be2  Nc6  9. O-O
 O-O  10. Qe1  f6
 11. exf6  Nxf6  12. h3
 a6  13. Rd1  Qc7
 14. a3  Bd6  15. g3
 Ne7  16. Bd3  c4
 17. Be2  b5  18. Ne5
 Rb8  19. g4  a5 
20. Bf3  b4  21. axb4  axb4
 22. Ne2  Bd7  23. Ng3
 Be8  24. g5  Bxe5
 25. fxe5  Nd7  26. Bg4
 Rxf1+  27. Qxf1  Qb6
 28. Qe2  Bg6  29. h4
 Rf8  30. h5  Bf5
 31. Nxf5  Nxf5  32. Rf1
 g6  33. Bxf5  Rxf5
 34. Rxf5  exf5  35. Qf3
 Qb7  36. hxg6  hxg6
 37. e6  Nf8  38. e7
 Qxe7  39. Qxd5+  Qe6
 40. Qf3  b3  41. cxb3
 cxb3  42. Bd2  Qc4
 43. Bc3  Ne6  44. Qa8+
 Kf7  45. d5  Qg4+
 46. Kf2  Qf4+  47. Ke2
 Qe4+  48. Kf2  Nf4
 49. Qb7+  Qe7  50. Qb5
 Qxg5  51. Qb7+  Qe7
 52. Qb5  g5  53. d6
 Qe4  54. d7  Nd3+
 55. Kg1  Qe3+  56. Kh2
 Qe2+  57. Kg1  Qg4+
 58. Kh2  Qh4+  59. Kg2
 Qg4+  60. Kh2  Qh4+
 61. Kg2  Nf4+  62. Kf1
 Qh1+  63. Kf2  Qg2+
 64. Ke3  Qg1+  65. Kf3
 Qg2+  66. Ke3  Qe4+
 67. Kf2  Qg2+  1/2-1/2